[Event "Regional Sudeste 2011"]
[Site "Sao Paulo"]
[Date "2011.09.22"]
[Round "6.2"]
[White "Santiago, Yago De Moura"]
[Black "Barbosa, Evandro Amorim"]
[Result "1/2-1/2"]
[WhiteElo "2314"]
[BlackElo "2383"]
[PlyCount "72"]
[EventDate "2011.09.22"]

1. e4 c5 2. Nf3 e6 3. d4 cxd4 4. Nxd4 Nc6 5. Nc3 Qc7 6. Be3 a6 7. Qd2 Nf6 8. f3
Bc5 9. O-O-O O-O 10. g4 b5 11. g5 Nh5 12. Kb1 Rb8 13. Nxc6 dxc6 14. f4 e5 15.
f5 Bb7 16. a3 Rfd8 17. Bd3 Bf8 18. h4 c5 19. Qf2 Qb6 20. Be2 Nf4 21. Bxf4 exf4
22. Nd5 Bxd5 23. Rxd5 Rxd5 24. exd5 b4 25. a4 b3 26. Bc4 bxc2+ 27. Qxc2 Bd6 28.
g6 Be5 29. gxf7+ Kxf7 30. d6+ Kf8 31. b3 Qxd6 32. Rd1 Bd4 33. f6 Qxf6 34. Qxh7
Rd8 35. Ka2 a5 36. Kb1 Ke7 1/2-1/2

[Event "Regional Sudeste 2011"]
[Site "Sao Paulo"]
[Date "2011.09.22"]
[Round "6.3"]
[White "Goncalves, Jorge Roberto"]
[Black "Mendonca, Mateus Nakajo"]
[Result "0-1"]
[WhiteElo "2042"]
[BlackElo "2146"]
[PlyCount "72"]
[EventDate "2011.09.22"]

1. d4 Nf6 2. e3 g6 3. c4 Bg7 4. Nf3 O-O 5. Nc3 d5 6. Be2 dxc4 7. Bxc4 c5 8. O-O
Nc6 9. d5 Na5 10. Be2 e6 11. e4 exd5 12. exd5 Re8 13. Bb5 Bd7 14. Bg5 a6 15.
Bxd7 Qxd7 16. Qd3 c4 17. Qd2 b5 18. Rfe1 Nb7 19. Bxf6 Bxf6 20. Ne4 Bg7 21. Rad1
Nd6 22. Nc5 Qa7 23. b4 cxb3 24. Nxb3 Ne4 25. Qe3 Qxe3 26. Rxe3 Nc3 27. Rd2 Rxe3
28. fxe3 Rd8 29. d6 Ne4 30. Rc2 Bh6 31. d7 Rxd7 32. Rc8+ Kg7 33. Kf1 Bxe3 34.
Rc6 Rd6 35. Rc7 Bh6 36. Rb7 Rd1+ 0-1

[Event "Regional Sudeste 2011"]
[Site "Sao Paulo"]
[Date "2011.09.22"]
[Round "6.4"]
[White "Gerbelli Neto, Eduardo"]
[Black "Molina, Roberto Junio Brito"]
[Result "0-1"]
[WhiteElo "2175"]
[BlackElo "2419"]
[PlyCount "83"]
[EventDate "2011.09.22"]

1. e4 c5 2. Nc3 Nc6 3. f4 g6 4. Nf3 Bg7 5. Bc4 e6 6. f5 Nge7 7. fxe6 dxe6 8. d3
Nd4 9. O-O Nec6 10. Be3 O-O 11. Qd2 a6 12. Rf2 b5 13. Bb3 a5 14. a4 b4 15. Nb5
Ba6 16. Raf1 Bxb5 17. axb5 Nxf3+ 18. Rxf3 Nd4 19. Rh3 h5 20. Bc4 Qd7 21. Bh6
Bxh6 22. Qxh6 Nxc2 23. Rxh5 Qd4+ 24. Kh1 Qg7 25. Qxg7+ Kxg7 26. Rxc5 a4 27. Rc7
a3 28. bxa3 bxa3 29. Bxe6 a2 30. Rcxf7+ Rxf7 31. Rxf7+ Kh6 32. Bxa2 Rxa2 33. h3
Rb2 34. Rb7 Kg5 35. Rb6 Ne1 36. h4+ Kh5 37. Rf6 Nxg2 38. e5 Nxh4 39. e6 Kg4 40.
d4 Kg3 41. Rf1 Nf3 42. Rxf3+ 0-1

[Event "Regional Sudeste 2011"]
[Site "Sao Paulo"]
[Date "2011.09.22"]
[Round "6.5"]
[White "Abdalla, Luiz Guilherme Aure"]
[Black "Terao, Rodrigo Akira"]
[Result "1-0"]
[WhiteElo "2241"]
[BlackElo "2358"]
[PlyCount "99"]
[EventDate "2011.09.22"]

1. d4 d5 2. Nf3 Nc6 3. Bf4 Bg4 4. e3 e6 5. Be2 Bd6 6. Bxd6 Qxd6 7. Nbd2 Nf6 8.
O-O O-O 9. h3 Bxf3 10. Nxf3 Ne4 11. c4 f5 12. c5 Qe7 13. Bb5 Nd8 14. Ne5 Nf7
15. Nxf7 Rxf7 16. f3 Ng3 17. Re1 Raf8 18. Kh2 Qh4 19. Qd2 Nh5 20. Kg1 Qe7 21.
b4 Rf6 22. Bd3 Rg6 23. a4 Rg3 24. Re2 Rf6 25. Rf2 Rfg6 26. Kh2 Qh4 27. Rg1 Nf6
28. b5 R3g5 29. Qe1 Rh6 30. Re2 Qh5 31. a5 Qe8 32. Rb2 e5 33. f4 Rgh5 34. dxe5
Ng4+ 35. Kg3 Nxe5 36. Be2 Rh4 37. Kf2 Nd7 38. Qc3 c6 39. Bf3 g5 40. fxg5 Re6
41. a6 Rc4 42. Qd2 bxa6 43. bxc6 Nxc5 44. Bxd5 Ne4+ 45. Bxe4 fxe4 46. Rgb1 Qf7+
47. Kg1 Rexc6 48. Qd8+ Kg7 49. Rf1 Rc1 50. Rbf2 1-0

[Event "Regional Sudeste 2011"]
[Site "Sao Paulo"]
[Date "2011.09.22"]
[Round "6.6"]
[White "Goncalves, Ivan Mesquita V"]
[Black "Santos, Marcus Vinicius More"]
[Result "0-1"]
[WhiteElo "2052"]
[BlackElo "2341"]
[PlyCount "120"]
[EventDate "2011.09.22"]

1. d4 g6 2. e4 Bg7 3. Nc3 d6 4. Nf3 Nf6 5. Be2 O-O 6. O-O e6 7. Bg5 h6 8. Bh4
Nc6 9. Qd2 g5 10. Bg3 Nh5 11. d5 Ne7 12. Nd4 Nf4 13. Bxf4 gxf4 14. dxe6 fxe6
15. Bg4 Bxd4 16. Qxd4 Ng6 17. f3 Kh7 18. Rad1 Bd7 19. e5 Nxe5 20. Qe4+ Kg7 21.
Qxb7 Bc6 22. Qa6 Qe8 23. Rde1 Kh8 24. Bxe6 Rb8 25. Bb3 Qg6 26. Kh1 Rbe8 27. Ne4
Re7 28. Qxa7 Rfe8 29. Qd4 Rg7 30. Re2 Bb5 31. c4 Bd7 32. c5 Bb5 33. Rfe1 Bxe2
34. Rxe2 dxc5 (34... Nxf3 35. gxf3 Rxe4 36. fxe4 f3 37. Rd2 f2 38. Qxf2 Qxe4+)
35. Qxc5 Qa6 (35... Nxf3) 36. Nc3 Rge7 37. Qd4 Qd3 38. Qxf4 Kg7 39. h3 Ng6 40.
Qd2 Qxd2 41. Rxd2 Re1+ 42. Kh2 R8e7 43. Ne4 h5 44. Rd8 h4 45. Rg8+ Kh6 46. Rd8
Re2 47. Nf6 Ne5 48. Ng4+ Nxg4+ 49. hxg4 Rxb2 50. Rh8+ Rh7 51. Rg8 Rg7 52. Rh8+
Kg5 53. Rh5+ Kf4 54. Rxh4 c5 55. Rh5 Rc7 56. Rf5+ Ke3 57. Re5+ Kf2 58. Bc4 Rh7+
59. Rh5 Rxh5+ 60. gxh5 Rb4 0-1

[Event "Regional Sudeste 2011"]
[Site "Sao Paulo"]
[Date "2011.09.22"]
[Round "6.7"]
[White "Campelo, Leandro Fabricio"]
[Black "Marra, Eduardo Da Costa"]
[Result "1/2-1/2"]
[WhiteElo "2230"]
[BlackElo "2293"]
[PlyCount "46"]
[EventDate "2011.09.22"]

1. e4 c5 2. Nf3 Nc6 3. d4 cxd4 4. Nxd4 g6 5. Nc3 Bg7 6. Be3 Nf6 7. Bc4 Qa5 8.
O-O O-O 9. Bb3 d6 10. h3 Bd7 11. f4 Nxd4 12. Bxd4 Bc6 13. Nd5 Rae8 14. Qf3 Nd7
15. Bxg7 Kxg7 16. Rad1 f5 17. exf5 Rxf5 18. Qc3+ Qxc3 19. Nxc3 g5 20. fxg5 Rxg5
21. Bd5 Ne5 22. Rd4 Rc8 23. Rf2 Rf8 1/2-1/2

[Event "Regional Sudeste 2011"]
[Site "Sao Paulo"]
[Date "2011.09.22"]
[Round "6.8"]
[White "Brito, Luismar"]
[Black "Feliciano Ebert, Vanessa"]
[Result "1/2-1/2"]
[WhiteElo "2278"]
[BlackElo "2173"]
[PlyCount "51"]
[EventDate "2011.09.22"]

1. e4 c5 2. Nf3 Nc6 3. d4 cxd4 4. Nxd4 Nf6 5. Nc3 e5 6. Ndb5 d6 7. Bg5 a6 8.
Bxf6 gxf6 9. Na3 b5 10. Nd5 f5 11. c3 Bg7 12. exf5 Bxf5 13. Nc2 O-O 14. Nce3
Be6 15. g4 Ne7 16. Bg2 Rb8 17. a3 Nxd5 18. Bxd5 Bh6 19. Ng2 Qc8 20. Rg1 Qc5 21.
g5 Qxd5 22. gxh6 Kh8 23. Ne3 Qxd1+ 24. Rxd1 Rbd8 25. Nd5 Bxd5 26. Rxd5 1/2-1/2

[Event "Regional Sudeste 2011"]
[Site "Sao Paulo"]
[Date "2011.09.22"]
[Round "6.9"]
[White "Tsuboi, Edson Kenji"]
[Black "Rodrigues, Nei Jorge"]
[Result "1-0"]
[WhiteElo "2350"]
[BlackElo "2043"]
[PlyCount "87"]
[EventDate "2011.09.22"]

1. c4 Nf6 2. g3 g6 3. Bg2 Bg7 4. Nc3 c5 5. Nf3 O-O 6. d4 cxd4 7. Nxd4 Nc6 8.
O-O Qb6 9. Nc2 d6 10. b3 Bf5 11. h3 Bxc2 12. Qxc2 Rac8 13. Bb2 e6 14. Rad1 Rfd8
15. Qb1 a6 16. Rd2 Rd7 17. Rfd1 Rcd8 18. Na4 Qc7 19. Qa1 Ne8 20. Bxg7 Nxg7 21.
Nc3 Ne8 22. Ne4 Ne7 23. Nc3 Nc6 24. Qb2 Ne7 25. Kh2 Rc8 26. a4 Rcd8 27. e4 e5
28. h4 Ng7 29. Bh3 Ne6 30. Nd5 Nxd5 31. cxd5 Nd4 32. Rxd4 exd4 33. Bxd7 Rxd7
34. Rxd4 Qb6 35. Rc4 Rc7 36. Rxc7 Qxc7 37. Qf6 h5 38. e5 dxe5 39. d6 Qd7 40.
Qxe5 Kh7 41. Kg1 Kg8 42. Qe7 Qc6 43. d7 Qc1+ 44. Kh2 1-0

[Event "Regional Sudeste 2011"]
[Site "Sao Paulo"]
[Date "2011.09.22"]
[Round "6.10"]
[White "Van Riemsdijk, Dirk D"]
[Black "Quintiliano Pinto, Renato R"]
[Result "0-1"]
[WhiteElo "2132"]
[BlackElo "2277"]
[PlyCount "54"]
[EventDate "2011.09.22"]

1. e4 c5 2. c3 Nf6 3. e5 Nd5 4. d4 cxd4 5. Bc4 Nb6 6. Bb3 d5 7. cxd4 Bf5 8. Nc3
e6 9. Nge2 Nc6 10. Nf4 Be7 11. h4 Bxh4 12. g4 Bg6 13. Nxg6 hxg6 14. Be3 g5 15.
Qd2 Qe7 16. O-O-O O-O-O 17. Kb1 Kb8 18. f4 Na5 19. Qe2 Nbc4 20. fxg5 Bxg5 21.
Bxg5 Qxg5 22. Bxc4 Nxc4 23. b3 Ne3 24. Rc1 Qf4 25. Nb5 Qe4+ 26. Kb2 Rxh1 27.
Rxh1 Nc4+ 0-1

[Event "Regional Sudeste 2011"]
[Site "Sao Paulo"]
[Date "2011.09.22"]
[Round "6.11"]
[White "Madeira, Wagner Martins"]
[Black "Branchini, Fernando Luis Sakam"]
[Result "1-0"]
[WhiteElo "2241"]
[BlackElo "1953"]
[PlyCount "71"]
[EventDate "2011.09.22"]

1. e4 e6 2. Qe2 Ne7 3. g3 d5 4. d3 b6 5. Bg2 Bb7 6. Nf3 Nbc6 7. O-O Qd7 8. c3
h6 9. h4 O-O-O 10. e5 Kb8 11. Re1 Nc8 12. b4 Re8 13. a4 Nd8 14. a5 b5 15. a6
Ba8 16. Nbd2 Nb6 17. Nb3 Na4 18. Qc2 Qc6 19. Bd2 Qxa6 20. c4 c6 21. Rec1 Qb7
22. Nfd4 a6 23. cxb5 cxb5 24. Rxa4 bxa4 25. Nc5 Bxc5 26. bxc5 Nc6 27. Rb1 Nxd4
28. Rxb7+ Bxb7 29. Qxa4 Nc6 30. d4 Kc7 31. Bc3 Ra8 32. Bf1 Rhb8 33. Qd1 Rg8 34.
Qh5 Rgf8 35. f4 f6 36. Qg4 1-0

[Event "Regional Sudeste 2011"]
[Site "Sao Paulo"]
[Date "2011.09.22"]
[Round "6.12"]
[White "Deus Filho, Joaquim De"]
[Black "Lebredo Zaragoitia, Gerardo"]
[Result "1/2-1/2"]
[WhiteElo "2105"]
[BlackElo "2240"]
[PlyCount "64"]
[EventDate "2011.09.22"]

1. e4 c5 2. Nc3 a6 3. a4 Nc6 4. g3 g6 5. Bg2 Bg7 6. d3 d6 7. Be3 Rb8 8. Qd2 b5
9. axb5 axb5 10. Nge2 Nd4 11. h3 b4 12. Nd1 e5 13. Nc1 Ne7 14. c3 bxc3 15. bxc3
Nb3 16. Nxb3 Rxb3 17. Bh6 O-O 18. h4 Bxh6 19. Qxh6 Kh8 20. Qd2 Ng8 21. O-O Be6
22. Ra6 Rb6 23. Ra3 Qe7 24. d4 Rfb8 25. dxe5 dxe5 26. Ne3 Rb2 27. Qd1 Nf6 28.
Nd5 Bxd5 29. exd5 e4 30. Re1 Qe5 31. c4 Qf5 32. Rf1 Qe5 1/2-1/2

[Event "Regional Sudeste 2011"]
[Site "Sao Paulo"]
[Date "2011.09.22"]
[Round "6.13"]
[White "Garkauskas, Otto Dmitry"]
[Black "Borges, Guilherme Deola"]
[Result "1/2-1/2"]
[WhiteElo "2050"]
[BlackElo "2176"]
[PlyCount "199"]
[EventDate "2011.09.22"]

1. d4 d5 2. c4 e6 3. Nc3 Nf6 4. Bg5 Be7 5. e3 c6 6. Nf3 O-O 7. cxd5 exd5 8. Qc2
Nbd7 9. Bd3 Re8 10. O-O Nf8 11. Rab1 a5 12. a3 Ng6 13. Bf5 Bd6 14. b4 axb4 15.
axb4 h6 16. Bxc8 Rxc8 17. Bxf6 Qxf6 18. Ne2 b5 19. Ng3 Rc7 20. Rfc1 Ne7 21. Ne1
Nc8 22. Nd3 Nb6 23. Ra1 g6 24. Ra6 Nc4 25. Rca1 Qe7 26. Qc3 h5 27. Nf1 h4 28.
Nc5 h3 29. Ng3 hxg2 30. Kxg2 Qf6 31. Qd3 Kg7 32. Qe2 Bxg3 33. hxg3 Qxd4 34. Rh1
Qb2 35. Qxb2+ Nxb2 36. Nb3 Nd3 37. Nd4 Nxb4 38. Rb6 Ra8 39. Rc1 Rac8 40. f4 Ra7
41. Nxb5 Ra2+ 42. Kf3 Rh8 43. Nc3 Rb2 44. Na4 Rc2 45. Rxc2 Nxc2 46. Rxc6 Rh2
47. Rc7 Kf8 48. Nb6 f5 49. Rxc2 Rxc2 50. Nxd5 Rd2 51. Nc3 Ke7 52. Nb5 Ke6 53.
g4 Kd5 54. gxf5 gxf5 55. Nc3+ Ke6 56. Ne2 Ra2 57. Nd4+ Kf6 58. Ne2 Kg6 59. Nd4
Ra5 60. Kg3 Kh5 61. Kh3 Kh6 62. Kg3 Kg6 63. Kf3 Kh5 64. Kg3 Rc5 65. Kh3 Kh6 66.
Kg3 Kg6 67. Kf3 Rc1 68. Kf2 Ra1 69. Kf3 Rc1 70. Kg3 Kf6 71. Kf3 Rc5 72. Kg3 Ke7
73. Kh4 Kf6 74. Kg3 Rc8 75. Kf3 Ra8 76. Kg3 Rh8 77. Kg2 Rh5 78. Kg3 Ke7 79. Kf3
Kd6 80. Ne2 Rh3+ 81. Ng3 Ke6 82. Kg2 Rh8 83. Kf3 Rf8 84. Kf2 Kd5 85. Kf3 Kc4
86. Ke2 Kc3 87. Kf3 Kd3 88. Kf2 Kd2 89. Kf3 Ke1 90. e4 fxe4+ 91. Nxe4 Kf1 92.
Kg4 Ke2 93. Ng5 Ke3 94. f5 Ra8 95. f6 Kd4 96. Kf5 Kd5 97. f7 Ra1 98. Kf6 Rf1+
99. Kg7 Rxf7+ 100. Nxf7 1/2-1/2

[Event "Regional Sudeste 2011"]
[Site "Sao Paulo"]
[Date "2011.09.22"]
[Round "6.14"]
[White "Mello, Andre Barbieri"]
[Black "Fernandez, Maria Florencia"]
[Result "0-1"]
[WhiteElo "1944"]
[BlackElo "2152"]
[PlyCount "68"]
[EventDate "2011.09.22"]

1. e4 c5 2. Nf3 d6 3. d4 cxd4 4. Nxd4 Nf6 5. Nc3 g6 6. Be3 Bg7 7. f3 O-O 8. Qd2
Nc6 9. Bc4 Bd7 10. O-O-O Rb8 11. Bb3 Na5 12. Bh6 Bxh6 13. Qxh6 b5 14. h4 e5 15.
Nde2 Nxb3+ 16. axb3 Be6 17. g4 Qc7 18. h5 b4 19. hxg6 fxg6 20. Nd5 Bxd5 21.
exd5 Rfc8 22. Qd2 Rb5 23. c4 bxc3 24. bxc3 Rxb3 25. Kc2 Rcb8 26. Rb1 Qb7 27.
Rxb3 Qxb3+ 28. Kd3 Qxd5+ 29. Kc2 Qc5 30. Kd3 d5 31. Rc1 e4+ 32. fxe4 Qc4+ 33.
Kc2 Qa4+ 34. Kd3 Qxe4# 0-1

[Event "Regional Sudeste 2011"]
[Site "Sao Paulo"]
[Date "2011.09.22"]
[Round "6.15"]
[White "Nunes, Allan Hurba"]
[Black "Rezende, Guilherme Vilela"]
[Result "1-0"]
[WhiteElo "2021"]
[BlackElo "2060"]
[PlyCount "67"]
[EventDate "2011.09.22"]

1. d4 Nf6 2. c4 e6 3. Nc3 Bb4 4. a3 Bxc3+ 5. bxc3 b6 6. f3 d5 7. Bg5 O-O 8. e3
Ba6 9. cxd5 Bxf1 10. Kxf1 exd5 11. Qd3 Re8 12. Ne2 h6 13. Bxf6 Qxf6 14. Kf2 c5
15. dxc5 Nd7 16. cxb6 Nxb6 17. Qd4 Qf5 18. g4 Qg6 19. Nf4 Qc2+ 20. Kg3 Rac8 21.
Rhc1 Qb2 22. Nh5 f6 23. Qd3 Kf7 24. a4 Qb3 25. a5 Nd7 26. Rcb1 Qc4 27. Qxc4
Rxc4 28. Rb7 Re7 29. Rxa7 Rxc3 30. Nf4 Rc5 31. Rd1 Ne5 32. Rxe7+ Kxe7 33. Rxd5
Rc3 34. Rxe5+ 1-0

[Event "Regional Sudeste 2011"]
[Site "Sao Paulo"]
[Date "2011.09.22"]
[Round "6.17"]
[White "Medeiros, Thauane Ferreira"]
[Black "Delai, Paula Fernanda"]
[Result "0-1"]
[WhiteElo "1808"]
[BlackElo "2026"]
[PlyCount "108"]
[EventDate "2011.09.22"]

1. d4 Nf6 2. Bf4 c5 3. e3 cxd4 4. exd4 Nc6 5. Nf3 d5 6. c3 Bf5 7. Bd3 Bxd3 8.
Qxd3 e6 9. Nbd2 Bd6 10. Bxd6 Qxd6 11. O-O O-O 12. Rae1 Qf4 13. Ne5 Nxe5 14.
Rxe5 Ng4 15. Rh5 g6 16. Rh3 h5 17. Nf3 Rab8 18. Nh4 Kg7 19. Qf3 Qd2 20. Qd3
Qxb2 21. Rg3 Rg8 22. h3 Nh6 23. Rxg6+ fxg6 24. Qxg6+ Kf8 25. Qxh6+ Ke7 26. Re1
Rbf8 27. Qxe6+ Kd8 28. Qxd5+ Kc8 29. Qe6+ Kb8 30. Qe5+ Ka8 31. Qe3 Qxa2 32. Ng6
Rd8 33. Nf4 Qf7 34. Ne6 Rd7 35. Qe5 h4 36. d5 Qg6 37. Nf4 Qb6 38. Qe6 Rdg7 39.
Qe8+ Qd8 40. Qxd8+ Rxd8 41. Ne6 Re8 42. Re3 Rc8 43. d6 Rd7 44. Nc7+ Kb8 45. Nb5
a6 46. Nd4 Rxd6 47. Nf5 Rd1+ 48. Kh2 Rd2 49. Nxh4 Rxf2 50. Kg3 Rc2 51. Nf3 Rg8+
52. Kf4 Rcxg2 53. Re7 Rf8+ 54. Ke3 Rg3 0-1

[Event "Regional Sudeste 2011"]
[Site "Sao Paulo"]
[Date "2011.09.22"]
[Round "6.19"]
[White "Terao, Juliana Sayumi"]
[Black "Guimaraes, Artemis Pamela"]
[Result "1-0"]
[WhiteElo "2152"]
[BlackElo "2016"]
[PlyCount "119"]
[EventDate "2011.09.22"]

1. e4 e5 2. Nf3 Nc6 3. Bb5 Nf6 4. d3 Bc5 5. Bxc6 dxc6 6. O-O Qe7 7. Bg5 Bg4 8.
h3 Bh5 9. Nbd2 Qe6 10. Re1 O-O 11. Nf1 Nd7 12. Ng3 Qg6 13. Nxh5 Qxh5 14. c3 h6
15. Bh4 f5 16. d4 exd4 17. cxd4 Bb6 18. e5 g5 19. Bg3 f4 20. Bh2 Rfe8 21. Qd3
Qf7 22. b4 a6 23. g3 fxg3 24. Bxg3 Nf8 25. h4 Ne6 26. hxg5 hxg5 27. Rad1 Rad8
28. Qe4 Qh7 29. Qg4 Qg6 30. Kg2 Kf7 31. Rh1 Rg8 32. Rh2 Nf4+ 33. Bxf4 gxf4 34.
Qxg6+ Rxg6+ 35. Kf1 Ke6 36. Ke2 a5 37. bxa5 Bxa5 38. Rh5 Rdg8 39. Kd3 Rg2 40.
Rf1 Bb6 41. Ke4 R2g4 42. Rfh1 R4g6 43. Rf5 Rd8 44. Ng5+ Rxg5 45. Rh6+ Kd7 46.
Rxg5 Kc8 47. Kxf4 Bxd4 48. Kg3 c5 49. f4 b5 50. e6 Re8 51. Kf3 c6 52. Ke4 Kc7
53. f5 Bb2 54. Rh7+ Kb6 55. Rd7 c4 56. Rg6 Ba3 57. e7 Rxe7+ 58. Rxe7 Bxe7 59.
f6 Bc5 60. f7 1-0

[Event "Regional Sudeste 2011"]
[Site "Sao Paulo"]
[Date "2011.09.22"]
[Round "6.20"]
[White "Abdalla, Jose Lucas Aurelli"]
[Black "Caceres, Elton Carlos"]
[Result "1-0"]
[WhiteElo "2014"]
[BlackElo "1830"]
[PlyCount "45"]
[EventDate "2011.09.22"]

1. e4 d5 2. exd5 Qxd5 3. Nc3 Qa5 4. d4 c6 5. Bc4 Nf6 6. Bd2 Qb6 7. Bb3 Qxd4 8.
Qe2 Bg4 9. f3 Bh5 10. O-O-O Qb6 11. g4 Bg6 12. f4 h6 13. f5 Bh7 14. Nf3 Nbd7
15. Bf4 Bg8 16. Ne5 Nxe5 17. Bxe5 Nd7 18. Rxd7 Kxd7 19. Rd1+ Ke8 20. Ne4 Rd8
21. Nd6+ Rxd6 22. Bxd6 Qd8 23. Bf4 {mobile phone rings!} 1-0

[Event "Regional Sudeste 2011"]
[Site "Sao Paulo"]
[Date "2011.09.22"]
[Round "6.21"]
[White "Dos Santos, Lucas Aparecido"]
[Black "Cruz, Cesar Fernando Dos"]
[Result "1-0"]
[WhiteElo "1999"]
[BlackElo "1823"]
[PlyCount "107"]
[EventDate "2011.09.22"]

1. e4 c6 2. Nc3 d5 3. d4 dxe4 4. Nxe4 Nd7 5. Bc4 Ngf6 6. Ng5 e6 7. Qe2 Nb6 8.
c3 Nxc4 9. Qxc4 Be7 10. N1f3 O-O 11. O-O Qc7 12. Ne5 Nd5 13. Ne4 f6 14. Nd3 a5
15. a4 b6 16. Qb3 Ba6 17. c4 Nb4 18. Nxb4 Bxb4 19. Rd1 Qf7 20. Qc2 Qg6 21. Bd2
Bxd2 22. Rxd2 Rad8 23. Re1 f5 24. Ng3 h5 25. Re5 h4 26. Ne2 Qh6 27. b3 h3 28.
gxh3 Qxh3 29. Rd3 Qh6 30. f4 Kf7 31. Rg3 Rh8 32. Rg2 Qh4 33. Ng3 Qxf4 34. Nxf5
g5 35. Re4 Qc7 36. Ng3 Rh6 37. Rf2+ Kg7 38. Qd2 Rdh8 39. Qe3 Bc8 40. Nf5+ Kg6
41. Nxh6 Rxh6 42. Qf3 Qg7 43. Re5 Kh7 44. Qf7 Rg6 45. Qxg7+ Rxg7 46. Rf8 Bd7
47. Rb8 b5 48. axb5 cxb5 49. cxb5 g4 50. Rc5 g3 51. Rb7 gxh2+ 52. Kxh2 Kg6 53.
Rcc7 Rh7+ 54. Kg3 1-0

[Event "Regional Sudeste 2011"]
[Site "Sao Paulo"]
[Date "2011.09.22"]
[Round "6.22"]
[White "Ferreira, Jonas De Vargas"]
[Black "Sztokbant, Bernardo Vainzoff"]
[Result "1-0"]
[WhiteElo "1794"]
[BlackElo "1979"]
[PlyCount "77"]
[EventDate "2011.09.22"]

1. e4 e5 2. Nf3 Nc6 3. Bb5 a6 4. Ba4 Nf6 5. O-O Be7 6. Re1 b5 7. Bb3 O-O 8. d3
d6 9. c3 Na5 10. Bc2 c5 11. Nbd2 Re8 12. Nf1 Bf8 13. Ng3 g6 14. Bg5 h6 15. Be3
Qc7 16. h3 Bg7 17. Qd2 Kh7 18. a4 Bb7 19. Nh4 d5 20. Nhf5 gxf5 21. Nxf5 Ng8 22.
exd5 Bxd5 23. d4 Kh8 24. Bxh6 Nxh6 25. Nxg7 Kxg7 26. Qg5+ Kf8 27. Qxh6+ Ke7 28.
Rxe5+ Be6 29. Rae1 Nc6 30. Rxc5 Qb6 31. b4 Nd8 32. d5 Ra7 33. dxe6 Nxe6 34. Bb3
Kd8 35. Qf6+ Ree7 36. Bxe6 fxe6 37. Qd4+ Rad7 38. Rc8+ Kxc8 39. Qxb6 1-0

[Event "Regional Sudeste 2011"]
[Site "Sao Paulo"]
[Date "2011.09.22"]
[Round "6.23"]
[White "Silva, Igor Dos Santos"]
[Black "De Oliveira, Francemir Barra"]
[Result "1-0"]
[WhiteElo "1946"]
[BlackElo "1796"]
[PlyCount "129"]
[EventDate "2011.09.22"]

1. d4 Nf6 2. c4 e6 3. g3 Bb4+ 4. Bd2 Qe7 5. Bg2 Nc6 6. Nf3 d5 7. O-O Bd7 8. Qc2
h6 9. Re1 g5 10. Bxb4 Qxb4 11. Nbd2 g4 12. cxd5 exd5 13. a3 Qb6 14. Ne5 Nxd4
15. Qd3 Bb5 16. Qc3 O-O 17. e4 Rae8 18. exd5 Ne2+ 19. Rxe2 Bxe2 20. Re1 Bb5 21.
Qb4 a5 22. Qf4 Qd6 23. Ne4 Qxe5 24. Qxf6 Qxf6 25. Nxf6+ Kg7 26. Nxe8+ Rxe8 27.
Rb1 Kf6 28. f3 gxf3 29. Bxf3 Rd8 30. Rc1 Rd7 31. Rc5 c6 32. dxc6 bxc6 33. Bxc6
Rd1+ 34. Kf2 Rf1+ 35. Kg2 Bd3 36. Be4 Rd1 37. Rc6+ Kg7 38. Bxd3 Rxd3 39. Rc2
Rb3 40. Kh3 Kf6 41. Kg4 Kg6 42. Kh3 f5 43. Kg2 h5 44. Kh3 Kg5 45. Rc5 Rxb2 46.
Rxa5 Rb8 47. Ra7 Rg8 48. Ra6 Rh8 49. a4 h4 50. a5 hxg3+ 51. Kxg3 f4+ 52. Kg2
Rg8 53. Ra7 Kg4 54. a6 Rf8 55. Rb7 f3+ 56. Kf2 Kh3 57. a7 Ra8 58. Kxf3 Kxh2 59.
Rg7 Rf8+ 60. Ke4 Rd8 61. Rb7 Ra8 62. Kd5 Kg3 63. Kc6 Kf4 64. Rf7+ Ke5 65. Kb7
1-0

[Event "Regional Sudeste 2011"]
[Site "Sao Paulo"]
[Date "2011.09.22"]
[Round "6.25"]
[White "Alves, Sidney David"]
[Black "Jonas, Tiago Filipe Da Sil"]
[Result "0-1"]
[WhiteElo "1534"]
[BlackElo "1836"]
[PlyCount "64"]
[EventDate "2011.09.22"]

1. d4 f5 2. g3 Nf6 3. Bg2 g6 4. Nf3 Bg7 5. O-O O-O 6. c4 d6 7. Nc3 Nc6 8. b3
Qe8 9. Ba3 e5 10. Nb5 Rf7 11. Ng5 Re7 12. e3 h6 13. Nf3 a6 14. Nc3 e4 15. Nd2
g5 16. Qc2 h5 17. h3 Bd7 18. b4 Nd8 19. Bb2 Nf7 20. Qb3 c6 21. d5 Ne5 22. dxc6
bxc6 23. Rad1 Be6 24. Ba3 Rd7 25. Ne2 Qg6 26. Nd4 Bf7 27. Qa4 Rc7 28. b5 c5 29.
Nc6 Nd3 30. bxa6 Be8 31. Nxe4 fxe4 32. Rxd3 Bxc6 0-1

[Event "Regional Sudeste 2011"]
[Site "Sao Paulo"]
[Date "2011.09.22"]
[Round "6.29"]
[White "Brujin, Homero"]
[Black "Severo Da Silva, Fernando Henrique"]
[Result "0-1"]
[WhiteElo "1598"]
[BlackElo "1788"]
[PlyCount "58"]
[EventDate "2011.09.22"]

1. d4 d5 2. Nf3 Nf6 3. g3 e6 4. Bg2 b6 5. O-O Bb7 6. Nbd2 c5 7. c3 Be7 8. Ne5
Nbd7 9. Ndf3 Bd6 10. Qa4 O-O 11. Bg5 Qc7 12. Nxd7 Nxd7 13. dxc5 Nxc5 14. Qg4 f5
15. Qd4 e5 16. Qd1 h6 17. Bc1 Rad8 18. Qc2 Be7 19. h4 Ne4 20. Nd2 Nxd2 21. Bxd2
d4 22. Bxb7 Qxb7 23. Qb3+ Kh8 24. Rad1 Qe4 25. f3 Qxe2 26. c4 d3 27. Rfe1 Bc5+
28. Kh1 Qxf3+ 29. Kh2 Bf2 0-1

[Event "Regional Sudeste 2011"]
[Site "Sao Paulo"]
[Date "2011.09.22"]
[Round "7.1"]
[White "Mendonca, Mateus Nakajo"]
[Black "El Debs, Felipe De Cresce"]
[Result "1/2-1/2"]
[WhiteElo "2146"]
[BlackElo "2478"]
[PlyCount "92"]
[EventDate "2011.09.22"]

1. c4 c6 2. Nf3 Nf6 3. d4 d5 4. Nc3 dxc4 5. a4 e6 6. Ne5 c5 7. dxc5 Qxd1+ 8.
Nxd1 Nbd7 9. Nxd7 Bxd7 10. e3 Bxc5 11. Bxc4 Rc8 12. b3 Ne4 13. O-O Bb4 14. f3
Nd2 15. Bxd2 Bxd2 16. Rf2 Bb4 17. Nb2 Ke7 18. Nd3 Bd6 19. Rd2 a6 20. a5 Rhd8
21. f4 Bc6 22. Rad1 Bc7 23. b4 Ba4 24. Ra1 Bxf4 25. exf4 Rxc4 26. Rxa4 Rc3 27.
b5 Rdxd3 28. Rxd3 Rxd3 29. bxa6 bxa6 30. Kf2 Rd5 31. Ke3 h5 32. g3 g6 33. h3
Rb5 34. Ra3 Rb2 35. Kf3 Rh2 36. Rc3 h4 37. Rc6 Rxh3 38. Kg4 Rxg3+ 39. Kxh4 Rg1
40. Rxa6 f5 41. Ra8 Rg4+ 42. Kh3 Rxf4 43. a6 Ra4 44. a7 Ra3+ 45. Kh4 Ra4+ 46.
Kh3 Ra3+ 1/2-1/2

[Event "Regional Sudeste 2011"]
[Site "Sao Paulo"]
[Date "2011.09.22"]
[Round "7.2"]
[White "Molina, Roberto Junio Brito"]
[Black "Barbosa, Evandro Amorim"]
[Result "0-1"]
[WhiteElo "2419"]
[BlackElo "2383"]
[PlyCount "130"]
[EventDate "2011.09.22"]

1. d4 Nf6 2. Nf3 g6 3. e3 Bg7 4. b3 O-O 5. Bb2 d6 6. Be2 Nbd7 7. O-O e5 8. c4
Re8 9. dxe5 Ng4 10. Nc3 Ndxe5 11. Nxe5 Nxe5 12. Qd2 Be6 13. Rad1 Qh4 14. Nb5
Re7 15. Nd4 Rae8 16. Nxe6 Rxe6 17. Qc2 b6 18. Rd4 Qe7 19. Rd2 Qh4 20. h3 a5 21.
Rfd1 h5 22. Rd4 Qe7 23. a3 Nd7 24. R4d2 Nc5 25. Bxg7 Kxg7 26. Bf3 Ne4 27. Rd4
Re5 28. b4 axb4 29. axb4 Qe6 30. Rd5 Nf6 31. R5d3 Ne4 32. Ra3 Rf5 33. h4 Re5
34. Ra7 Re7 35. Rd4 Nf6 36. Qd3 Rf5 37. Qd1 Re5 38. Bc6 Ng4 39. e4 Qf6 40. f3
Nh6 41. Ra1 Qxh4 42. Qe1 Qf6 43. Qf2 Rg5 44. Rdd1 h4 45. Kf1 Rg3 46. Ra2 Re5
47. Rad2 Reg5 48. Bd7 Rxg2 49. Qxg2 Rxg2 50. Kxg2 Qf4 51. Rf2 Ng8 52. Kf1 Nf6
53. Bc8 Nh5 54. Re1 Qg3 55. Rd1 Nf4 56. Rdd2 h3 57. Bd7 h2 58. Rxh2 Qxf3+ 59.
Kg1 Qe3+ 60. Kf1 Qxe4 61. b5 Qxc4+ 62. Kf2 Nd3+ 63. Ke3 Ne5 64. Bc8 Qc3+ 65.
Ke4 f5+ 0-1

[Event "Regional Sudeste 2011"]
[Site "Sao Paulo"]
[Date "2011.09.22"]
[Round "7.3"]
[White "Santos, Marcus Vinicius More"]
[Black "Abdalla, Luiz Guilherme Aurel"]
[Result "1/2-1/2"]
[WhiteElo "2341"]
[BlackElo "2241"]
[PlyCount "51"]
[EventDate "2011.09.22"]

1. d4 d5 2. c4 c6 3. Nc3 Nf6 4. e3 e6 5. Nf3 Nbd7 6. Qc2 Bd6 7. g4 Bb4 8. Bd2
Qe7 9. g5 Bxc3 10. Bxc3 Ne4 11. Bd3 Nxc3 12. Qxc3 dxc4 13. Bxc4 b6 14. O-O-O
Bb7 15. e4 O-O-O 16. Qe3 Kb8 17. Kb1 Ka8 18. Bb3 Rhf8 19. Rhg1 Rfe8 20. Rge1 f6
21. h4 e5 22. dxe5 fxe5 23. Qc3 Rc8 24. Rd2 Nc5 25. Bc2 Rc7 26. a3 1/2-1/2